000
00321nam a2200133Ia 4500
008
191201s2006 xx 000 0 und d
100
_a
Bhatt, N D
245
0
_a
Engineering Drawing
250
_a
49th
260
_c
2006
_b
Charotar Pubg. House, Anand
_a
N.Delhi
300
_a
600
650
_a
APPLIED
942
_2
ddc
_c
BB
_0
21
999
_c
7191
_d
7191